00446cam a2200169ua 450000100060000000800390000602000180004504000090006308200150007210000250008724500580011225000120017026000410018230000100022365300220023365300210025511508190926n ii |||gr||||Z||||||eng a9789386042255 cMAIN a320.540954 aA.R. Desai,eAuthor. aSocial Background of Indian NationalismcBy A.R.Desai a6th ed. aNew Delhi:bSage Publication,c2016. a276p. aPolitical science aIndian sociology